| 000 | 01656nam a2200373 i 4500 | ||
|---|---|---|---|
| 001 | 196299 | ||
| 003 | ES-MaACL | ||
| 005 | 20250803063109.0 | ||
| 008 | 240829s2006 ag b 000 0 spa c | ||
| 020 | _a987558102X | ||
| 020 | _a9789875581029 | ||
| 035 | _a(ES-BaCBU).b48090220 | ||
| 040 |
_aES-BaCBU _bcat _cES-BaCBU _dES-MaACL |
||
| 082 | _a300.980 | ||
| 100 | 1 |
_aDíaz Quiñones, Arcadio, _d1940- _eaut _944401 |
|
| 245 | 1 | 0 |
_aSobre los principios : _blos intelectuales caribeños y la tradición / _cArcadio Díaz Quiñones. |
| 246 | 3 | 0 | _aIntelectuales caribeños y la tradición |
| 260 |
_aBernal, Argentina : _bUniversidad Nacional de Quilmes Editorial , _c2006. |
||
| 300 |
_a526 páginas ; _c20 cm |
||
| 336 |
_2rdacontent _atexto |
||
| 337 |
_2rdamedia _asin mediación |
||
| 338 |
_2rdacarrier _avolumen |
||
| 504 | _aBibliografia | ||
| 520 | _aLa zona de este libro es el Caribe y sus protagonistas son poetas, escritores, intelectuales. El nombre Caribe no se ha generalizado en la historiografía moderna, que ha estado más atenta a la emergencia de la “nación” y la creación de estados independientes. | ||
| 650 | 4 |
_aIntelectuales _2lemac _913848 |
|
| 830 | 0 |
_aIntersecciones _9238646 |
|
| 852 |
_aES-MaACL _cDEPOJ _jN-10107 _gDedicatoria autógrafa del autor _hDonacion: Arcadio Díaz Quiñones _xEncuadernación rústica _9206226 |
||
| 903 |
_aDíaz Quiñones, Arcadio, _d1940- _ednr _944401 |
||
| 942 |
_cMONOGRAFIA _n0 |
||
| 999 |
_c196299 _d196299 |
||